Lan Harremanak Revista de Relaciones Laborales

Bibliographic Details
Format: Unknown
Language:Spanish
Published: [Bilbao] : Universidad del Pas̕ Vasco
Subjects:
Online Access:Acceso restringido

MARC

LEADER 00000ny a22000003n 4500
005 20110509140629.0
008 080711s19992006sp r s 000 a0spa c
022 |a 1575-7048 
035 |a 662 
040 |a UMA.RE  |d vlex 
080 |a 349.2(0.034) 
090 |c 1466  |d 1466 
245 0 3 |a Lan Harremanak  |h [Recurso electrn̤ico]  |b Revista de Relaciones Laborales 
256 |a Servicio en ln̕ea 
260 |a [Bilbao] :  |b Universidad del Pas̕ Vasco 
310 |a Semestral 
506 1 |a Contenido solo disponible en los productos indicados  |d vLex Global  |d vLex Global (Academic Edition, excluding Law Schools)  |d vLex Global (U.S. Academic Edition, Law Schools)  |d vLex Global (U.S. Academic Edition, excluding Law Schools)  |d vLex Global (Academic Edition, Law Schools) 
650 0 7 |a Relacin̤ laboral  |2 Tesauro vLex 
650 0 7 |2 Tesauro vLex  |a Laboral 
650 0 7 |2 Tesauro vLex  |a Relaciones laborales 
740 0 |a vLex Revista (Servicios en ln̕ea) 
853 |8 1  |i (year)  |j (month)  |k (day) 
856 4 0 |u http://vlex.com/source/lan-harremanak-revista-relaciones-laborales-662  |z Acceso restringido 
942 |c REV